Top 100 Actresses - Statistics

General Stats
  • This quiz has been taken 229 times
  • The average score is 33 of 100
Answer Stats
Rank Actress Genre Most Famous For... % Correct
10 Jennifer Aniston Comedy Friends
89%
2 Jennifer Lawrence Action The Hunger Games
89%
1 Scarlett Johansson Action Avengers: Endgame
87%
11 Emma Watson Fantasy Harry Potter and the Sorcerer's Stone
86%
5 Emma Stone Drama Cruella
84%
14 Natalie Portman Drama The Black Swan
83%
24 Angelina Jolie Action Lara Croft: Tomb Raider
80%
17 Anne Hathaway Comedy The Princess Diaries
75%
3 Gal Gadot Action Wonder Woman
74%
12 Margot Robbie Action Suicide Squad
72%
4 Zendaya Action Spider-Man: No Way Home
72%
52 Miley Cyrus Musical Hannah Montana
69%
83 Kate Winslet Romance Titanic
66%
35 Reese Witherspoon Comedy Legally Blonde
65%
6 Amy Adams Action Enchanted
61%
84 Keira Knightley Fantasy Pirates of the Caribbean: The Curse of the Black Pearl
61%
54 Gwyneth Paltrow Action Iron Man
60%
18 Anna Kendrick Comedy Pitch Perfect
57%
41 Drew Barrymore Comedy E.T.
56%
21 Emily Blunt Thriller A Quiet Place
54%
36 Kirsten Dunst Action Spider-Man
54%
9 Elizabeth Olsen Romance WandaVision
53%
27 Cate Blanchett Drama The Lord of the Rings: The Fellowship of the Ring
52%
72 Julie Andrews Musical The Sound of Music
52%
49 Sandra Bullock Comedy While You Were Sleeping
50%
28 Halle Berry Action X-Men
49%
19 Helen Mirren Drama The Queen
49%
38 Mila Kunis Comedy Friends With Benefits
48%
25 Salma Hayek Drama Frida
47%
13 Emma Thompson Drama Sense and Sensibility
46%
50 Meg Ryan Comedy You've Got Mail
46%
77 Millie Bobby Brown Thriller Stranger Things
46%
85 Winona Ryder Thriller Stranger Things
46%
93 Roseanne Barr Comedy Roseanne
45%
34 Jennifer Garner Comedy 13 Going on 30
43%
16 Judi Dench Action Skyfall
43%
7 Kristen Bell Comedy Frozen
43%
53 Ellen DeGeneres Animated Finding Dory
42%
15 Brie Larson Drama Room
41%
65 Megan Fox Sci-Fi Jennifer's Body
41%
33 Zoe Saldana Sci-Fi Avatar
41%
39 Tina Fey Comedy 30 Rock
38%
48 Michelle Williams Drama The Greatest Showman
37%
23 Florence Pugh Drama Little Women
33%
70 Melissa McCarthy Comedy Ghostbusters
33%
29 Jessica Chastain Drama The Eyes of Tammy Faye
32%
71 Ariana Grande Comedy Sam and Cat
31%
63 Rebel Wilson Comedy Pitch Perfect
30%
78 Amy Poehler Comedy Parks and Recreation
28%
43 Taylor Swift Musical Cats
28%
47 Dove Cameron Comedy Liv and Maddie
27%
30 Isla Fisher Comedy Wedding Crashers
27%
45 Vanessa Hudgens Musical High School Musical
26%
91 Daisy Ridley Action The Force Awakens
25%
90 Felicity Jones Action Rogue One
25%
68 Jennifer Lopez Drama Marry Me
25%
60 Ashley Tisdale Musical High School Musical
23%
80 Ellen Page Drama Inception
23%
58 Idina Menzel Animated Frozen
22%
46 Marisa Tomei Comedy Spider-Man: No Way Home
22%
81 Anna Paquin Drama True Blood
20%
99 Bryce Dallas Howard Action Jurassic World
20%
44 Miranda Cosgrove Comedy ICarly
18%
97 Peyton List Comedy Jessie
18%
95 Rachel Weisz Action Black Widow
18%
26 Awkwafina Comedy Crazy Rich Asians
16%
8 Hailee Steinfeld Drama Dickinson
16%
56 Hayley Atwell Drama Captain America: The First Avenger
16%
55 Liv Tyler Fantasy The Lord of the Rings: The Return of the King
16%
75 Olivia Rodrigo Musical High School Musical: The Musical: The Series
16%
94 Beyonce Musical The Lion King
15%
79 Elizabeth Banks Comedy The Hunger Games
15%
40 Regina King Drama If Beale Street Could Talk
15%
62 Blake Lively Action Green Lantern
13%
67 Goldie Hawn Comedy The Christmas Chronicles Part 2
13%
64 Kat Dennings Comedy 2 Broke Girls
13%
42 Rebecca Ferguson Drama The Greatest Showman
13%
59 Rachel Zegler Musical West Side Story
11%
20 Tessa Thompson Action Creed
11%
73 Amber Heard Drama The Rum Diary
9%
69 Melissa Benoist Action Supergirl
9%
32 Gemma Chan Drama Eternals
8%
76 Chloe Grace Moretz Comedy Hugo
7%
82 Emily VanCamp Action Captain America: The Winter Soldier
7%
57 Karen Gillan Sci-Fi Doctor Who
7%
66 Kate Upton Comedy The Other Woman
5%
51 Mary Mouser Action Cobra Kai
5%
74 Olivia Munn Drama X-Men: Apocalypse
5%
96 Candace Cameron Bure Comedy Full House
4%
89 Danielle Panabaker Action The Flash
4%
37 Kathryn Hahn Comedy Step Brothers
4%
100 Ming Na-Wen Action Mulan
4%
87 Rose Byrne Comedy Annie
4%
88 Wanda Sykes Comedy Evan Almighty
4%
86 Ashley Judd Comedy The Tooth Fairy
3%
98 Candice Patton Action The Flash
3%
22 Emila Clarke Fantasy Games of Thrones
3%
92 Gina Carano Action The Mandalorian
2%
61 Kristen Schaal Animated Toy Story 3
2%
31 Keri Russell Comedy The Rise of Skywalker
1%
No matching quizzes found
Score Distribution
Percent of People with Each Score
Percentile by Number Answered
Your Score History
You have not taken this quiz